|
|
|
|
| LEADER |
02623njm a2200577 a 4500 |
| 001 |
001150790 |
| 003 |
CZ BrMZK |
| 005 |
20201013140403.0 |
| 007 |
sd fsngnnmmned |
| 008 |
110525s2010 xr mun g f cze d |
| 024 |
3 |
|
|a 8595210927626
|
| 028 |
0 |
1 |
|a JR 0276-2
|b Tonstudio Rajchman
|
| 040 |
|
|
|a BOA001
|b cze
|
| 047 |
|
|
|a df
|a wz
|a zz
|
| 048 |
|
|
|b vu02
|a of01
|
| 048 |
|
|
|a of01
|
| 072 |
|
7 |
|a 784
|x Vokální hudba
|2 Konspekt
|9 9
|
| 080 |
|
|
|a 784.9.085.2
|2 MRF
|
| 080 |
|
|
|a 785.12.085.321
|2 MRF
|
| 080 |
|
|
|a (086.76)
|2 MRF
|
| 110 |
2 |
|
|a Žadovjáci (hudební skupina)
|7 ko2003195582
|
| 245 |
1 |
0 |
|a 55 let
|h [zvukový záznam]
|
| 260 |
|
|
|a Dolní Bojanovice :
|b Tonstudio Rajchman,
|c 2010
|
| 300 |
|
|
|a 1 zvuková deska (50:18) :
|b digital ;
|c 12 cm
|
| 306 |
|
|
|a 005018
|
| 500 |
|
|
|a Kompaktní deska
|
| 505 |
0 |
0 |
|t K výročí --
|t Vesničky malebné --
|t Soběkursmká --
|t Keby ste věděli --
|t Margit --
|t Romance pro křídlovku --
|t Zaleť holúbečku --
|t Chci zapomenout --
|t Chodníček --
|t Modré z nebe --
|t Rána nedočkám --
|t Náruč lásky --
|t Od svítání do soumraku --
|t Pod jednou střechou ;
|t Kdyby ty muziky nebyly ;
|t Zimní růže ;
|t Počápelská polka ;
|t Až budou trumpety
|
| 511 |
0 |
|
|a Zpívají: Olga Baričicová a další ; hraje dechová hudba Žadovjáci, kapelník Ladislav Svoboda
|
| 518 |
|
|
|a Nahráno v Tonstudiu Jaromíra Rajchmana Dolní Bojanovice 2010
|
| 650 |
0 |
7 |
|a polky (zpěv (2), dechový orchestr)
|7 ph321604
|2 czenas
|
| 650 |
0 |
7 |
|a valčíky (zpěv (2), dechový orchestr)
|7 ph321672
|2 czenas
|
| 650 |
0 |
4 |
|a tanga (dechový rochestr)
|
| 655 |
|
7 |
|a kompaktní desky
|7 fd201991
|2 czenas
|
| 700 |
1 |
|
|a Svoboda, Ladislav
|7 jx20110630022
|4 cnd
|
| 700 |
1 |
|
|a Orság, Antonín
|7 mzk2010611993
|4 cmp
|
| 700 |
1 |
|
|a Pfeffer, Vladimír,
|d 1937-
|7 jn20000810061
|4 cmp
|
| 700 |
1 |
|
|4 l
|
| 700 |
1 |
|
|a Valdauf, Karel,
|d 1913-1982
|7 jk01141199
|4 cmp
|
| 700 |
1 |
|
|a Jacura, Ladislav,
|d 1913-2004
|7 jk01050594
|4 lyr
|
| 700 |
1 |
|
|a Baťka, Zdeněk,
|d 1960-
|7 jx20060613008
|4 cmp
|
| 700 |
1 |
|
|a Procházka, Miloslav R.,
|d 1958-
|7 jn20000810064
|4 cmp
|4 lyr
|
| 700 |
1 |
|
|a Voříšek, Jaroslav,
|d 1926-1998
|7 xx0012224
|4 cmp
|
| 700 |
1 |
|
|a Vejvoda, Josef,
|d 1945-
|7 jn19990010016
|4 cmp
|
| 700 |
1 |
|
|a Salčák, Vladimír,
|d 1936-2013
|7 ola2003167582
|4 lyr
|
| 700 |
1 |
|
|a Kolstrunk, Miroslav,
|d 1979-
|7 mzk2005317896
|4 cmp
|
| 700 |
1 |
|
|a Králová, Lenka
|7 mzk2014821859
|4 lyr
|
| 700 |
1 |
|
|a Měsíčková, Jana
|7 mzk2011635860
|4 lyr
|
| 910 |
|
|
|a BOA001
|b CDR-1268.026
|
| 990 |
|
|
|a AV
|
| 991 |
|
|
|b 201106
|g g
|
| 996 |
6 |
|
|b 2610479934
|c CDR-1268.026
|l MZK
|r Sklad / do 24 hodin
|n 0
|p p.v.
|w 001183891
|u 000010
|a 1
|e BOA001
|j MZK50
|s P
|